Értelmiségi paradoxon
Elmentve itt :
| Szerző: | |
|---|---|
| Adatforrás: | Meister |
| Forrásdokumentuma: | Korunk. - 3 sz., 1994, 38-40 p. |
| Nyelv: | magyar |
| Kulcsszavak: | politológia politikai intézmények kisebbségi intézményrendszer civil társadalom kisebbség intézmény autonómia RMDSZ-politika RMDSZ-Romániai Magyar Demokrata Szövetség |
| LEADER | 00607nab a2200217 i 4500 | ||
|---|---|---|---|
| 001 | bibPRO00000043 | ||
| 008 | 060524s1994 xx hun | ||
| 040 | |a Sz1 | ||
| 041 | |a hun | ||
| 100 | 1 | |a KÖTŐ József | |
| 245 | 1 | 0 | |a Értelmiségi paradoxon |c KÖTŐ József |
| 695 | |a politológia | ||
| 695 | |a politikai intézmények | ||
| 695 | |a kisebbségi intézményrendszer | ||
| 695 | |a civil társadalom | ||
| 695 | |a kisebbség | ||
| 695 | |a intézmény | ||
| 695 | |a autonómia | ||
| 695 | |a RMDSZ-politika | ||
| 695 | |a RMDSZ-Romániai Magyar Demokrata Szövetség | ||
| 773 | 0 | |t Korunk. - |g 3 sz., 1994, 38-40 p. | |